000 00734nam a22002417a 4500
003 AR-BeUNQ
005 20241126181249.0
008 241126b |||||||| |||| 00| 0 spa d
020 _a9509265071
040 _aAR-BeUNQ
_cAR-BeUNQ
_eaacr
082 _221
_aA 863 DOL
100 _aDolina, Alejandro
_caut.
_d1944
245 _aCrónicas deel Angel Gris
_cAlejandro Dolina
_hlibro
250 _a1a.ed
260 _aMontevideo,
_bEdiciones de la Urraca,
_c1995
300 _a258 p. ;
_bil. ;
_c15x22cm
500 _asumario.
505 _aPrólogo :en tres cartas.
_gSumario
650 _2tell
_aCrónicas
651 _2unescot
_aArgentina
929 _aDONACION
_bHoracio Rodriguez
_c0
_d0
_e2001-12-14
_j62765
_fPAT0082728
942 _cLIB
999 _c1109
_d1109